Las vidas privadas de Albert Einstein / (Record no. 185230)
[ view plain ]
| 000 -LEADER | |
|---|---|
| campo de control de longitud fija | 01201nam a2200301 i 4500 |
| 001 - NÚMERO DE CONTROL | |
| campo de control | 185230 |
| 003 - IDENTIFICADOR DE NÚMERO DE CONTROL | |
| campo de control | SpMaBN |
| 005 - FECHA Y HORA DE LA ÚLTIMA TRANSACCIÓN | |
| campo de control | 20251207124551.0 |
| 008 - DATOS DE LONGITUD FIJA--INFORMACIÓN GENERAL | |
| campo de control de longitud fija | 160420s2003 sp j |||| |bspa d |
| 080 ## - NÚMERO DE LA CLASIFICACIÓN DECIMAL UNIVERSAL | |
| Número de la Clasificación Decimal Universal | 929 Einstein, Albert |
| 100 1# - ENTRADA PRINCIPAL--NOMBRE DE PERSONA | |
| Nombre de persona | Highfield, Roger. |
| 9 (RLIN) | 159402 |
| 245 14 - MENCIÓN DEL TÍTULO | |
| Título | Las vidas privadas de Albert Einstein / |
| Mención de responsabilidad, etc. | Roger Highfield y Paul Carter ; prólogo de César Nombela ; [traductor, Javier Alfaya]. |
| 250 ## - MENCION DE EDICION | |
| Mención de edición | Ed. especial para este periódico. |
| 260 ## - PUBLICACIÓN, DISTRIBUCIÓN, ETC. | |
| Lugar de publicación, distribución, etc. | [Barcelona] : |
| Nombre del editor, distribuidor, etc. | ABC : |
| -- | Folio, |
| Fecha de publicación, distribución, etc. | [2003] |
| 300 ## - DESCRIPCIÓN FÍSICA | |
| Extensión | 380 p. ; |
| Dimensiones | 21 cm. |
| 490 1# - MENCIÓN DE SERIE | |
| Mención de serie | Biblioteca ABC. Protagonistas del s. XX ; |
| Designación de volumen o secuencia | 18. Las biografías que construyeron el siglo |
| 500 ## - NOTA GENERAL | |
| Nota general | Índice. |
| 504 ## - NOTA DE BIBLIOGRAFÍA, ETC. | |
| Nota de bibliografía, etc. | Bibliografía: p. [361]-364. |
| 600 14 - PUNTO DE ACCESO ADICIONAL DE MATERIA--NOMBRE DE PERSONA | |
| Nombre de persona | Einstein, Albert, |
| Fechas asociadas al nombre | 1879-1955 |
| 9 (RLIN) | 46838 |
| 700 1# - ENTRADA AGREGADA--NOMBRE PERSONAL | |
| Nombre de persona | Carter, Paul. |
| 9 (RLIN) | 159403 |
| 700 1# - ENTRADA AGREGADA--NOMBRE PERSONAL | |
| Nombre de persona | Nombela Cano, César. |
| 9 (RLIN) | 85932 |
| 700 1# - ENTRADA AGREGADA--NOMBRE PERSONAL | |
| Nombre de persona | Alfaya, Javier, |
| Fechas asociadas al nombre | 1939-2018 |
| 9 (RLIN) | 19827 |
| 710 2# - ENTRADA AGREGADA--NOMBRE DE ENTIDAD CORPORATIVA | |
| Nombre de entidad corporativa o nombre de jurisdicción como elemento de entrada | Diario ABC. |
| 9 (RLIN) | 1137 |
| 830 00 - PUNTO DE ACCESO ADICIONAL DE SERIE-TÍTULO UNIFORME | |
| Título uniforme | Biblioteca ABC. Protagonistas del s. XX |
| Designación de volumen o secuencia | 18. Las biografías que construyeron el siglo |
| 9 (RLIN) | 192266 |
| 852 ## - LOCALIZACIÓN | |
| Ubicación | ES-MaACL |
| Número de control de estantería | A-13706 |
| itemnumber | 192250 |
| Sublocalización o colección | R.150376 |
| Ubicación en estantería | Depósito 1 |
| Signatura antigua | Olim: N-6706 |
| Encuadernación | - enc. cart. |
| 942 ## - ELEMENTOS DE ENTRADA SECUNDARIOS (KOHA) | |
| Fuente del sistema de clasificación o colocación | Clasificación decimal universal |
| Estatus retirado | Estado de pérdida | Fuente del sistema de clasificación o colocación | Estado de daño | No para préstamo | Biblioteca de origen | Biblioteca actual | Ubicación en estantería | Fecha de adquisición | Fuente de adquisición | Total de préstamos | Signatura topográfica completa | Código de barras | Visto por última vez | Precio de reemplazo | Tipo de ítem Koha |
|---|---|---|---|---|---|---|---|---|---|---|---|---|---|---|---|
| Clasificación decimal universal | Biblioteca del Ateneo de Madrid | Biblioteca del Ateneo de Madrid | Depósito 1 | 20/04/2016 | Donación | A-13706 | 1195137 | 23/02/2023 | 23/02/2023 | Libro impreso |
